Представление документа в формате RUSMARC

ПолеНазваниеЗначение
  Тип записи a
  Библиографический уровень c
001 Контрольный номер RU/SLIB/B/208726063
005 Дата корректировки 20201206204006.6
010 Индекс ISBN __
a ISBN 5-01-003969-9
010 Индекс ISBN __
a ISBN 5-7150-0127-7
d Цена 50-00
101 Язык документа 0_
a Язык текста rus
c Язык оригинала ger
200 Заглавие и сведения об ответственности 1_
a Заглавие Собрание сочинений
e Сведения, относящиеся к заглавию в 8 т. : пер. с нем.
f Первые сведения об ответственности Г. Гессе
b Общее обозначение материала Текст
h Номер части Т. 3
210 Выходные данные __
a Место издания М.
c Издательство Прогресс-Литера
210 Выходные данные __
a Место издания Харьков
c Издательство Фолио
d Дата издания 1994
215 Физическое описание __
a Объем 416 с.
225 Серия __
a Серия URBI ET ORBI
327 Примечание о содержании __
a Примечание о содержании Сиддхартха
327 Примечание о содержании __
a Примечание о содержании Курортник
327 Примечание о содержании __
a Примечание о содержании Поездка в Нюрнберг
327 Примечание о содержании __
a Примечание о содержании Степной волк
330 Аннотация __
a Аннотация В третий том собраний сочинений Германа Гессе вошли романы и повести.
606 Тематические рубрики __
a Основная рубрика Художественная литература
z Хронологическая подрубрика 20 в.
606 Тематические рубрики __
a Основная рубрика Литература Европы (произведения)
610 Ключевые слова __
a Ключевые слова немецкая литература; проза; романы; повести
686 Индексы других классификаций __
a Классификационный индекс 84(4Гем)-4
700 Автор _1
a Фамилия Гессе
b Имя Г.
g Полное личное имя Герман
4 Код отношения 070
801 Источник записи _0
a Страна RU
b Организация Муниципальное бюджетное учреждение культуры "Централизованная библиотечная система" г. Сургут (Центральная городская библиотека им. А. С. Пушкина)
g Правила каталогизации КиК/Михайлова
801 Источник записи _1
a Страна RU
b Организация Муниципальное бюджетное учреждение культуры "Централизованная библиотечная система" г. Сургут (Центральная городская библиотека им. А. С. Пушкина)
g Правила каталогизации КиК/Михайлова
852 Данные о местонахождении __
j Шифр хранения 84(4Гем)-4
c Каталожный индекс 84(4Гем)-4
i Авторский знак Г 43
901 Тип документа __
t Тип документа x
903 Характеристики (МАРС) __
a Дата передачи 20020705
969 Тип издания __
a Тип издания сборник
990 Данные о заказе (DOS) __
j Количество экземпляров (DOS) 2
t N записи в КСУ для И/У (DOS) 200207